Normal view
MARC view
- Peña Ochoa, Paz
Entry Nombre personal
001 - NÚMERO DE CONTROL
- campo de control: 13989
003 - IDENTIFICADOR DEL NÚMERO DE CONTROL
- campo de control: AR-SiUPM
005 - FECHA Y HORA DE LA ÚLTIMA TRANSACCIÓN
- campo de control: 20250804120447.0
008 - DATOS DE LONGITUD FIJA
- campo de control de longitud fija: 250804|| aca||aabn | a|a d
040 ## - FUENTE DE LA CATALOGACIÓN
- Centro catalogador/agencia de origen: AR-SiUPM
- Centro/agencia transcriptor: AR-SiUPM
100 ## - ENCABEZAMIENTO-NOMBRE DE PERSONA
- Nombre de persona: Peña Ochoa, Paz
670 ## - FUENTE DE DATOS ENCONTRADOS
- Cita de la fuente: Work cat.: (AR-SiUPM): Peña Ochoa, Paz, Tecnologías para un planeta en llamas, 2023